| 000 | 01366nam2a2200313 4500 | ||
|---|---|---|---|
| 001 | RU\NLR\bibl\598674 | ||
| 005 | 20250610141845.0 | ||
| 010 |
_a5-7368-0178-7 _926000 |
||
| 021 |
_aRU _b2004-70570 _93479 |
||
| 035 | _a(NLR Aleph) 000590625 | ||
| 090 |
_a1710803 _c1710803 |
||
| 100 | _a20050118d2004 |||y0rusy50 ca | ||
| 101 | 0 | _arus | |
| 102 | _aRU | ||
| 105 | _aac ||||||||| | ||
| 200 | 1 |
_a"В огне и холоде тревог..." _e[Стихи] |
|
| 210 |
_d2004 _aБ. м. |
||
| 215 |
_a557,[1] с. _cил., портр. |
||
| 327 | 1 | _aСодерж.: Авт.: К. Случевский, В. Соловьев, Д. Мережковский, З. Гиппиус, И. Анненский, М. Горький, И. Бунин, К. Бальмонт, В. Брюсов, Ф. Сологуб и др. | |
| 461 | 0 |
_1001RU\NLR\bibl\729102 _12001#$aШедевры отечественной поэзии XVIII, XIX, XX веков$vТ. 2 _9691473 _cМ. _d2004 _fРед. совет: Е.П. Челышев и др. _nСинергия _o[В 3 т.] _tШедевры отечественной поэзии XVIII, XIX, XX веков _vТ. 2 |
|
| 686 | _aШ9(2)62=Р5-5я43 | ||
| 686 | _aШ9(2)62=Р7-5я43 | ||
| 801 | 0 |
_aRU _bNLR _c20050118 _gPSBO |
|
| 801 | 1 |
_aRU _bNLR _c20050118 |
|
| 942 | _cBOOK | ||
| 980 | _aNB | ||